Villes de Ligue 1 sur une carte - 24/25 - Statistiques

Statistiques générales
  • Ce quiz a été pris 182 fois
  • Le résultat moyen est 17 sur 18
Réponses sur la Carte
Les réponses sont colorées sur une échelle allant du rouge au vert en fonction du pourcentage des utilisateurs qui les ont devinées à leur premier essai. Vous pouvez retrouver ces pourcentages ci-dessous.
 
Statistiques - réponses
Ville de Ligue 1 % Correct
Lyon
99%
Paris
99%
Lille
98%
Marseille
97%
Rennes
97%
Strasbourg
97%
Toulouse
97%
Nice
96%
Brest
95%
Monaco
95%
Montpellier
95%
Nantes
95%
Saint-Etienne
94%
Le Havre
91%
Lens
90%
Reims
85%
Angers
80%
Auxerre
79%
Aucun quiz correspondant
Distribution des résultats
% des personnes avec chaque résultat
Percentile par nombre de réponses
Votre historique - résultats
Vous n’avez pas pris ce quiz